000 00534nam a22002057a 4500
003 OSt
005 20180316183533.0
008 180316b xxu||||| |||| 00| 0 eng d
020 _a9780071826617
040 _cDDC
082 _a620 MOB 2014
100 _aMobley, R.Keith
_912536
245 _aMaintaince Engineering Handbook
250 _a8th ed.
260 _aNew York; Mcgraw-hill, 2014
300 _axiii,=600p; ill: 25cm
504 _aAppendix, & index included
650 _aEngineering guide
_912537
942 _2z
_cO_SHELF
999 _c6048
_d6048